000 00481nam a2200169Ia 4500
999 _c13776
_d13776
003 OSt
005 20201005110525.0
008 190216s9999||||xx |||||||||||||| ||und||
040 _coclc
082 _a828.407
_bBUN/P
100 _aBunyan john
_94837
245 4 _aThe Pilgrim`s Progress /
_cJohn Bunyan
260 _bMacmillan India Ltd,
_c1990.
_aMadras:
300 _a183p
650 _aEnglish Drama
942 _cBK
_2ddc
_h828.407
_iBUN/P
_k828.407
_mBUN/P